Do You Know All Of The Fruits? Quiz Stats

 Plays Quiz not verified by Sporcle

Challenge
Share
Tweet
Embed
Score 0/18 Timer 10:00
0 Plays Today
Color Fruit % Correct
RedApple
94.8%
OrangeOrange
93.1%
RedStrawberry
84.5%
BlueBlueberry
81%
YellowBanana
80.2%
RedRaspberry
69%
PurplePlum
65.5%
Greenish-YellowPear
64.7%
RedCherry
64.7%
Color Fruit % Correct
GreenKiwi
64.7%
Green and RedWatermelon
56.9%
Orangish-RedPeach
56%
Orangish-RedMango
52.6%
PurpleGrapes
50.9%
BrownCoconut
39.7%
Yellow and GreenPineapple
35.3%
RedPomegranate
29.3%
RedCranberry
20.7%

You're not logged in!

Compare scores with friends on all Sporcle quizzes.
OR
Log In

You Might Also Like...

Show Comments

Extras

Created May 6, 2011ReportNominate
Tags:Color Quiz, fruit

Top Quizzes Today


Score Distribution

Your Account Isn't Verified!

In order to create a playlist on Sporcle, you need to verify the email address you used during registration. Go to your Sporcle Settings to finish the process.

Report this User

Report this user for behavior that violates our Community Guidelines.

Details: